000 02159cam a22002651 4500
001 f 01001017
003 DLC
005 20260227111239.0
008 720623m18731892fr aceh b 000 0 fre
010 _af 01001017
035 _a(OCoLC)340099
040 _aDLC
_cODaWU
_dOCoLC
_dDLC
042 _apremarc
050 0 0 _aPQ1603
_b.A16
100 1 _aAubigné, Agrippa d',
_d1552-1630.
245 1 0 _aŒuvres complètes de Théodore Agrippa d'Aubigné,
_cpub. pour la première fois d'après les manuscrits originaux accompagnées de notices biograhique, littéraire & bibliographique, de variantes, d'un commentaire, d'une table des noms propres & d'un glossaire, par Eug. Réaume & F. de Caussade ...
260 _aParis,
_bA. Lemerre,
_c1873-92.
300 _a6 v.
_bfront. (port.) illus. (plan) facsims.
_c21 cm.
500 _aTitle of v. 5-6 reads: "Œuvres complètes de Théodore Agrippa d'Aubigné, pub. pour la première fois d'après les manuscrits originaux par MM. Eug. Réaume et de Caussade, accompagnées de notices biographique, littéraire & bibliographique, de notes & variantes, d'une table des nomes propres & d'un glossaire, par A. Legouëz."
505 0 _at. 1. Introduction. Sa vie à ses enfants. Testament de Th. Agrippa d' Aubigné. Lettres. 1873.--t. 2. Traité sur les guerres civiles. Du debvoir mutuel des roys et des subjects. Le Caducee ou L'ange de paix. Méditations sur les Pseaumes. Confession catholique du sieur de Sancy. Les avantures du baron de Fæneste. Le divorce satyrique. Lettres diverses. 1877.--t. 3. Le printemps. Poésies. La création. 1874.--t. 4. Les tragiques. Discours par stances avec l'esprit du feu roy Henry Quatriesme. Sonnets épigrammatiques. Pièces épigrammatiques. Tombeaux du style de Sainct-Innocent. Appendices: Pièces tirées de sources diverses. 1877.--t. 5. Notice. I. Biographie. II. Appréciation littéraire. Bibliographie. Notes et variantes. 1891.--t. 6. Table des nomes de personnes. Glossaire. 1892.
600 1 0 _aAubigné, Agrippa d',
_d1552-1630.
700 1 _aCaussade, Françoise de,
_d1841-1894,
_ejoint ed.
700 1 _aRéaume, Eugène,
_eed.
700 1 _aLegouëz, A.
999 _c22509
_d22509